Subjekty s verejnou zodpovednosťou podľa IFRS pre MSP
Definícia malých a stredných podnikov pre širokú škálu účelov vrátane finančného vykazovania. Pre použitie IFRS pre MSP nie je rozhodujúca veľkosť podniku, ale to, či účtovná jednotka má alebo nemá verejnú zodpovednosť.
Enregistré dans:
| Auteur principal: | |
|---|---|
| Format: | Chapitre de livre |
| Langue: | slovaque |
| Sujets: | |
| Tags: |
Pas de tags, Soyez le premier à ajouter un tag!
|
MARC
| LEADER | 00000nla a2200000 4500 | ||
|---|---|---|---|
| 001 | 0152018 | ||
| 005 | 20240502072721.2 | ||
| 041 | 0 | |a slo | |
| 044 | |a SK | ||
| 245 | 1 | 0 | |a Subjekty s verejnou zodpovednosťou podľa IFRS pre MSP |c Michal Ješš |
| 520 | |a Definícia malých a stredných podnikov pre širokú škálu účelov vrátane finančného vykazovania. Pre použitie IFRS pre MSP nie je rozhodujúca veľkosť podniku, ale to, či účtovná jednotka má alebo nemá verejnú zodpovednosť. | ||
| 610 | 2 | 0 | |a účtovníctvo |
| 610 | 2 | 0 | |a jednotka účtovná |
| 610 | 2 | 0 | |a evidencia účtovná |
| 610 | 2 | 0 | |a majetok finančný |
| 610 | 2 | 0 | |a výkazníctvo finančné |
| 610 | 2 | 0 | |a závierka účtovná |
| 610 | 2 | 0 | |a štandardy účtovné medzinárodné |
| 610 | 2 | 0 | |a IFRS |
| 100 | 1 | |a Ješš, Michal, 1986- | |